| 000 | 00709nam a2200241 4500 | ||
|---|---|---|---|
| 001 | 13834 | ||
| 003 | BD-RjUL | ||
| 005 | 20211208235524.0 | ||
| 008 | 140202s1967 nyua b 001 0aeng | ||
| 035 | _a(BD-RjUL)13886 | ||
| 040 |
_aDLC _cDLC _dDLC _dBD-RjUL _beng |
||
| 041 | _aeng | ||
| 082 | 0 | 0 |
_a621.379 _bHAN 1967 |
| 245 | 1 | 0 |
_aHandbook of telemetry and remote control / _cElliot L. Gruenberg, |
| 260 |
_aNew York : _bMcGraw-Hill, _cc1967. |
||
| 300 |
_a1 v. (various pagings) : _bill. ; _c23 cm. |
||
| 504 | _aIncludes bibliographies and index. | ||
| 650 | 0 |
_aTelemeter. _943257 |
|
| 650 | 0 |
_aRemote control. _943258 |
|
| 700 | 1 |
_aGruenberg, Elliot L. _943259 |
|
| 942 |
_2ddc _cBK |
||
| 999 |
_c13834 _d13834 |
||